Pashto Adab k Jadeed Rojhanaat / (Record no. 525306)

000 -LEADER
fixed length control field 00495nam a22001697a 4500
003 - CONTROL NUMBER IDENTIFIER
control field NUST
038 ## - RECORD CONTENT LICENSOR
Staff Name waseem
082 ## - DEWEY DECIMAL CLASSIFICATION NUMBER
Classification number 891.594
Author Mark ABI
100 ## - MAIN ENTRY--PERSONAL NAME
Personal name Abid, Abdullah Jan
9 (RLIN) 16041
245 ## - TITLE STATEMENT
Title Pashto Adab k Jadeed Rojhanaat /
Statement of responsibility, etc. Abdullah Jan Abid
260 ## - PUBLICATION, DISTRIBUTION, ETC.
Place of publication, distribution, etc. Peshawar :
Name of publisher, distributor, etc. University Press,
Date of publication, distribution, etc. 2008.
300 ## - PHYSICAL DESCRIPTION
Extent 159 p. ;
500 ## - GENERAL NOTE
General note Hardcover.
880 ## - ALTERNATE GRAPHIC REPRESENTATION
Linkage 100-01\r
Title عبداللہ خان عابد
880 ## - ALTERNATE GRAPHIC REPRESENTATION
Linkage 245-02\r
Title پشتو ادب کے جدید رجحانات /
942 ## - ADDED ENTRY ELEMENTS (KOHA)
Source of classification or shelving scheme
Koha item type Book
Holdings
Withdrawn status Lost status Source of classification or shelving scheme Damaged status Not for loan Permanent Location Current Location Date acquired Total Checkouts Full call number Barcode Date last seen Price effective from Koha item type
          Central Library (CL) Central Library (CL) 06/30/2019   891.594 ABI CL-E-353 06/30/2019 06/30/2019 Book
© 2023 Central Library, National University of Sciences and Technology. All Rights Reserved.